Online
Catalog

Las investigaciones arqueológicas en la República Dominicana durante las décadas de 1930,1940 y 1950 : (Record no. 56336)

MARC details
000 -CABECERA
campo de control de longitud fija 01378nam a2200301 i 4500
001 - NÚMERO DE CONTROL
campo de control 000029316
003 - IDENTIFICADOR DEL NÚMERO DE CONTROL
campo de control DO-SdBNP
005 - FECHA Y HORA DE LA ÚLTIMA TRANSACCIÓN
campo de control 20251013111132.0
007 - CAMPO FIJO DE DESCRIPCIÓN FÍSICA--INFORMACIÓN GENERAL
campo de control de longitud fija ta
008 - DATOS DE LONGITUD FIJA--INFORMACIÓN GENERAL
campo de control de longitud fija 240411s2016 dr ao 000 0 spa d
040 ## - FUENTE DE LA CATALOGACIÓN
Centro catalogador/agencia de origen DO-SdBNP
Lengua de catalogación spa
Centro/agencia transcriptor BNPHU
Normas de descripción rda
041 ## - CÓDIGO DE LENGUA
Código de lengua del texto/banda sonora o título independiente spa
082 #4 - NÚMERO DE LA CLASIFICACIÓN DECIMAL DEWEY
Número de clasificación xxx
Número de documento/Ítem M665
Número de edición 22
100 1# - ENTRADA PRINCIPAL--NOMBRE DE PERSONA
Nombre de persona Peytrequín Gómez, Jeffrey
Término indicativo de función/relación autor
Código de función/relación aut.
9 (RLIN) 88682
245 14 - MENCIÓN DE TÍTULO
Título Las investigaciones arqueológicas en la República Dominicana durante las décadas de 1930,1940 y 1950 :
Resto del título un breve acercamiento histórico y análitico con algunos apuntes temáticos a nivel regional /
Mención de responsabilidad, etc. Jeffrey Peytrequín Gómez
246 14 - FORMA VARIANTE DE TÍTULO
Título propio/Titulo breve Las investigaciones arquelógicas en la República Dominicana durante las décadas de 1930,1940 y 1950 :
Resto del título un breve acercamiento histórico y análitico con algunos apuntes temáticos a nivel regional /
264 #1 - PRODUCCIÓN, PUBLICACIÓN, DISTRIBUCIÓN, FABRICACIÓN Y COPYRIGHT
Producción, publicación, distribución, fabricación y copyright Santo Domingo :
Nombre del de productor, editor, distribuidor, fabricante Ministerio de Cultura,
-- Museo del Hombre Dominicano,
Fecha de producción, publicación, distribución, fabricación o copyright 2016.
300 ## - DESCRIPCIÓN FÍSICA
Extensión 76 páginas ;
Otras características físicas ilustraciones, fotografías
Dimensiones 24 cm.
336 ## - TIPO DE CONTENIDO
Término de tipo de contenido texto
Código de tipo de contenido txt
Fuente rdacontent
337 ## - TIPO DE MEDIO
Nombre/término del tipo de medio sin mediación
Código del tipo de medio nc
Fuente rdamedia
338 ## - TIPO DE SOPORTE
Nombre/término del tipo de soporte volumen
Código del tipo de soporte n
Fuente rdacarrier
490 ## - MENCIÓN DE SERIE
Mención de serie Papeles ocasionales ;
Designación de volumen o secuencia 19
500 ## - NOTA GENERAL
Nota general La cubierta del libro tiene un error ortográfico en: Arqueológicas, dice, Arquelogicas
504 ## - NOTA DE BIBLIOGRAFÍA, ETC.
Nota de bibliografía, etc. Bibliografía p: 70-76.
590 ## - NOTA LOCAL (RLIN)
Nota local Inventariado, 2025/ YL
910 ## - DATOS DE OPCIÓN DEL USUARIO (OCLC)
Datos de opción del usuario YLockward
942 ## - ELEMENTOS DE PUNTO DE ACCESO ADICIONAL (KOHA)
Fuente del sistema de clasificación o colocación Dewey Decimal Classification
Tipo de ítem Koha Libro
Holdings
Estado de retiro Estado de pérdida Fuente del sistema de clasificación o colocación Restricciones de uso No para préstamo Código de colección Localización permanente Ubicación/localización actual Ubicación en estantería Fecha de adquisición Fuente de adquisición Total de préstamos Signatura topográfica completa Código de barras Fecha visto por última vez Precio válido a partir de Tipo de ítem Koha Número de copia Nota pública
    Dewey Decimal Classification Excluido de préstamo   Patrimonio Dominicano Biblioteca Nacional Pedro Henríquez Ureña Biblioteca Nacional Pedro Henríquez Ureña En catalogación 11.04.2024 deposito legal   BNPHU PD M665 2024-2051 11.04.2024 11.04.2024 Libro    
    Dewey Decimal Classification Excluido de préstamo   Patrimonio Dominicano Biblioteca Nacional Pedro Henríquez Ureña Biblioteca Nacional Pedro Henríquez Ureña En catalogación 11.04.2024 deposito legal   BNPHU PD M665 2024-2052 11.04.2024 11.04.2024 Libro e.2  
    Dewey Decimal Classification Préstamo en sala   Dominicana de Servicio Biblioteca Nacional Pedro Henríquez Ureña Biblioteca Nacional Pedro Henríquez Ureña En catalogación 11.04.2024 deposito legal   BNPHU DS M665 2024-2053 11.04.2024 11.04.2024 Libro e.3 Dedicado por el autor
    Dewey Decimal Classification Préstamo en sala   Dominicana de Servicio Biblioteca Nacional Pedro Henríquez Ureña Biblioteca Nacional Pedro Henríquez Ureña En catalogación 21.12.2023 Donación   BNPHU DS M665 2025-11716 13.10.2025 13.10.2025 Libro e. 4 Dedicado por el autor
    Dewey Decimal Classification Préstamo en sala   Dominicana de Servicio Biblioteca Nacional Pedro Henríquez Ureña Biblioteca Nacional Pedro Henríquez Ureña En catalogación 21.12.2023 Donación   BNPHU DS M665 2025-11717 13.10.2025 13.10.2025 Libro e. 5  

Powered by Koha